[Event "Najdorf 2017"]
[Site "Warsaw POL"]
[Date "2017.07.14"]
[Round "6.69"]
[White "Reza, Wojciech"]
[Black "Paramzina, Anastasya"]
[Result "1-0"]
[WhiteElo "2258"]
[BlackElo "2166"]

1. d4 Nf6 2. c4 e6 3. Nf3 Bb4+ 4. Nbd2 b6 5. e3 Bb7 6. Be2 O-O 7. O-O a5 8.
a3 Bxd2 9. Bxd2 d6 10. b4 Nbd7 11. bxa5 bxa5 12. Rb1 Be4 13. Rb5 c5 14. Bc3
Bc6 15. Rb1 Ne4 16. Ba1 Ndf6 17. Ne1 cxd4 18. exd4 Ng5 19. f3 h5 20. Qd2
Ngh7 21. Nd3 h4 22. Nf2 Re8 23. Rfd1 Ra7 24. Bd3 d5 25. c5 Ba4 26. Rdc1 Nd7
27. Qf4 Nb8 28. Ng4 Nf8 29. Ne5 g5 30. Qe3 f6 31. Ng4 Nc6 32. Re1 Rg7 33.
Nh6+ Kh8 34. Nf5 Rd7 35. Nd6 Ree7 36. f4 Rg7 37. fxg5 Rxg5 38. Qf4 Rdg7 39.
Qxh4+ Kg8 40. Re2 f5 41. Qf2 Ng6 42. Rxe6 Nce7 43. Re2 f4 44. Kh1 Rh7 45.
Rbe1 Rgh5 46. h3 Rxh3+ 47. gxh3 Rxh3+ 48. Kg1 Rxd3 49. Rxe7 Nxe7 50. Qxf4
Qf8 51. Qg5+ Kh8 52. Qh4+ Kg8 53. Rxe7 Rd1+ 54. Re1 Qg7+ 55. Kh1 Qg6 56.
Qd8+ Kh7 57. Qe7+ Kh6 58. Qe3+ Kh7 59. Qe7+ Kg8 60. Qh4 Qb1 61. Qg3+ Kf8
62. Qf3+ Kg7 63. Rxd1 Bxd1 64. Qf7+ Kh8 65. Qf8+ Kh7 66. Qf5+ 1-0

[Event "Najdorf 2017"]
[Site "Warsaw POL"]
[Date "2017.07.14"]
[Round "6.70"]
[White "Kiolbasa, Oliwia"]
[Black "Domanski, Lukasz"]
[Result "1/2-1/2"]
[WhiteElo "2253"]
[BlackElo "2113"]

1. e4 e5 2. Nf3 d6 3. d4 exd4 4. Nxd4 g6 5. Nc3 Bg7 6. Be3 Nf6 7. Qd2 O-O
8. O-O-O Re8 9. f3 Nc6 10. g4 a6 11. h4 Ne5 12. Be2 b5 13. h5 c5 14. Nb3 c4
15. Nd4 b4 16. Nb1 c3 17. bxc3 Nexg4 18. hxg6 hxg6 19. fxg4 Nxe4 20. Qd3
Nc5 21. Qd2 Ne4 22. Qd3 Nc5 23. Qd2 1/2-1/2

[Event "Najdorf 2017"]
[Site "Warsaw POL"]
[Date "2017.07.14"]
[Round "6.71"]
[White "Walter, Szymon"]
[Black "Michalczak, Thomas"]
[Result "1-0"]
[WhiteElo "2220"]
[BlackElo "2239"]

1. e4 e5 2. Nf3 Nc6 3. d4 exd4 4. Bc4 Nf6 5. e5 d5 6. Bb5 Nd7 7. O-O Be7 8.
Re1 O-O 9. Bxc6 bxc6 10. Nxd4 Nb8 11. Qh5 c5 12. Nf3 a5 13. Nc3 Ra6 14. Bg5
Bxg5 15. Qxg5 Rg6 16. Qxd8 Rxd8 17. Rad1 Bb7 18. Nh4 Rg4 19. Nf5 d4 20. Ng3
Re8 21. Nce4 Nd7 22. f3 Rf4 23. c3 Nxe5 24. Nxc5 Bxf3 25. Rxd4 g5 26. Nd7
Bc6 27. Rxe5 1-0

[Event "Najdorf 2017"]
[Site "Warsaw POL"]
[Date "2017.07.14"]
[Round "6.72"]
[White "Godzwon, Iwo"]
[Black "Fus, Jakub"]
[Result "1-0"]
[WhiteElo "2205"]
[BlackElo "2103"]

1. e4 c5 2. Nf3 e6 3. d4 cxd4 4. Nxd4 a6 5. Bd3 Nf6 6. O-O e5 7. Nf3 Nc6 8.
c4 Bc5 9. Nc3 d6 10. h3 h6 11. Qe2 O-O 12. Be3 Nd7 13. Nd5 Bxe3 14. Qxe3
Nc5 15. b4 Ne6 16. Rfd1 Ncd4 17. Nxd4 Nxd4 18. Nc3 Be6 19. Ne2 Nxe2+ 20.
Bxe2 Qc7 21. Qd3 Rfd8 22. a3 Rac8 23. Rac1 Qb8 24. Qe3 Rc6 25. c5 dxc5 26.
Rxd8+ Qxd8 27. Rxc5 Qb6 28. Rxe5 Qxe3 29. fxe3 Rc3 30. Ra5 Bc8 31. Rc5 Rxc5
32. bxc5 Kf8 33. Bc4 Ke7 34. Bd5 Kd7 35. e5 Ke7 36. Kf2 f6 37. e6 Bxe6 38.
Bxb7 Bc4 39. Ke1 Kd7 40. Kd2 Kc7 41. Be4 Be6 42. h4 g5 43. g3 Bg4 44. Kc3
Be6 45. Kb4 Bg4 46. Kc4 Be2+ 47. Kd5 Bg4 48. Bd3 Bc8 49. Bg6 Bg4 50. e4 a5
51. Bf5 Bf3 52. Ke6 gxh4 53. gxh4 Kc6 54. Kxf6 Kxc5 55. e5 Bc6 56. Bg6 1-0

[Event "Najdorf 2017"]
[Site "Warsaw POL"]
[Date "2017.07.15"]
[Round "7.1"]
[White "Fridman, Daniel"]
[Black "Mista, Aleksander"]
[Result "1/2-1/2"]
[WhiteElo "2635"]
[BlackElo "2599"]

1. Nf3 c5 2. c4 Nc6 3. Nc3 g6 4. e3 Nf6 5. d4 cxd4 6. exd4 d5 7. cxd5 Nxd5
8. Qb3 e6 9. Bb5 Bg7 10. Ne5 Bd7 11. Nxd5 Nxe5 12. dxe5 exd5 13. O-O O-O
14. Qxd5 Be6 15. Qxd8 Raxd8 16. f4 f6 17. exf6 1/2-1/2

[Event "Najdorf 2017"]
[Site "Warsaw POL"]
[Date "2017.07.15"]
[Round "7.2"]
[White "Efimenko, Zahar"]
[Black "Sengupta, Deep"]
[Result "1/2-1/2"]
[WhiteElo "2643"]
[BlackElo "2596"]

1. Nf3 Nf6 2. g3 d5 3. Bg2 c5 4. O-O e6 5. c4 d4 6. e3 Nc6 7. exd4 cxd4 8.
d3 Be7 9. Re1 O-O 10. Na3 Re8 11. Nc2 Bd6 12. Bd2 e5 13. b4 e4 14. dxe4 d3
15. Ne3 Nxe4 16. c5 Bf8 17. Rc1 Be6 18. a3 Nd4 19. Nxd4 Qxd4 20. Bxe4 Qxe4
21. Nc4 Qd5 22. Re5 Qd7 23. Re3 Bf5 24. Qf3 Rxe3 25. Bxe3 Re8 26. Nd6 Bg4
27. Qf4 Bxd6 28. cxd6 Qf5 29. f3 Qxf4 30. Bxf4 Be6 31. Rc3 f6 32. Rxd3 Rd8
33. h4 Kf7 34. Rc3 Rd7 35. g4 Bd5 36. b5 a6 37. a4 axb5 38. axb5 g5 39.
hxg5 fxg5 40. Bg3 Ke8 41. Rc5 Bb3 42. Rxg5 Rf7 43. Kf2 Bd1 44. Re5+ Kd7 45.
Re3 Ba4 46. b6 Kc6 47. Re7 Rxe7 48. dxe7 Kd7 49. Bh4 Bd1 50. Bf6 Ke8 51. g5
Kf7 52. f4 Bc2 53. Ke3 Bg6 54. Kf2 Bc2 55. Kg3 Bf5 56. Kf3 Bc2 57. Kg4 Bd3
58. Kf3 Bf5 59. Ke2 Bg6 60. Ke3 Ke6 61. Kd4 Be8 62. Kc5 Bc6 63. Kc4 Be8 64.
Kd4 Bd7 65. Ke4 Bc6+ 66. Ke3 Be8 67. Kd3 Bg6+ 68. Ke3 Be8 69. Kf3 Bh5+ 70.
Kg3 Bg6 71. Kg4 Bf5+ 72. Kf3 Bg6 73. Ke3 Be8 74. Ke4 1/2-1/2

[Event "Najdorf 2017"]
[Site "Warsaw POL"]
[Date "2017.07.15"]
[Round "7.3"]
[White "Piorun, Kacper"]
[Black "Dziuba, Marcin"]
[Result "1-0"]
[WhiteElo "2632"]
[BlackElo "2561"]

1. Nf3 d5 2. g3 Nf6 3. Bg2 c6 4. c4 dxc4 5. O-O Nbd7 6. Na3 Nb6 7. Qc2 Be6
8. Ng5 Bg4 9. f3 Bh5 10. Nxc4 Qd4+ 11. Ne3 e6 12. Kh1 Be7 13. d3 O-O 14.
Nd1 c5 15. f4 c4 16. dxc4 Nxc4 17. Bxb7 Rab8 18. Ba6 Nd6 19. Nc3 h6 20. Nf3
Qb6 21. Bd3 Rfc8 22. Qa4 Ng4 23. Qd4 Nf5 24. Qxb6 Rxb6 25. Nd5 exd5 26.
Bxf5 Re8 27. h3 Nf6 28. Bd3 Ne4 29. g4 Bg6 30. f5 Bh7 31. Kg2 g6 32. fxg6
Bxg6 33. Bxh6 Bf6 34. Rab1 Nc5 35. Bxg6 fxg6 36. Rfe1 Bxb2 37. Kf1 Ne4 38.
Bc1 Bd4 39. Rxb6 Bxb6 40. Bf4 Nc3 41. a3 Nxe2 42. Be5 Nf4 43. Bxf4 Rf8 44.
Re6 Rxf4 45. Kg2 Kf7 46. Ng5+ Kg8 47. Rxg6+ Kh8 48. Ne6 Rf2+ 49. Kg3 Ra2
50. g5 Rxa3+ 51. Kg4 Bd4 52. Nxd4 Ra4 53. Kh5 Rxd4 54. Ra6 Re4 55. Rxa7 Kg8
56. Rd7 d4 57. g6 Kf8 58. h4 Re7 59. Rxe7 Kxe7 60. Kg4 1-0

[Event "Najdorf 2017"]
[Site "Warsaw POL"]
[Date "2017.07.15"]
[Round "7.4"]
[White "Edouard, Romain"]
[Black "Markowski, Tomasz"]
[Result "1-0"]
[WhiteElo "2622"]
[BlackElo "2557"]

1. e4 c5 2. Nf3 e6 3. d4 cxd4 4. Nxd4 a6 5. Bd3 Nf6 6. O-O d6 7. c4 Nc6 8.
Be3 Ne5 9. Nc3 Nxd3 10. Qxd3 Be7 11. h3 O-O 12. a4 Bd7 13. a5 Rc8 14. Rfc1
Qc7 15. b3 Qb8 16. f4 Rfe8 17. Nde2 Rc6 18. Na4 Rcc8 19. Nac3 h6 20. Bd4
Bc6 21. Kh1 Nd7 22. b4 e5 23. Be3 exf4 24. Nxf4 Bf6 25. Nh5 Bxc3 26. Qxc3
Re5 27. Ng3 Rce8 28. Bf4 R5e6 29. Nf5 Ne5 30. Bxe5 dxe5 31. Qg3 Rg6 32. Qd3
b5 33. c5 Qa8 34. Re1 Rg5 35. Nd6 Rf8 36. Ra2 g6 37. Kh2 Qd8 38. Rf2 Qe7
39. Qb3 Kg7 40. Qc3 h5 41. Ref1 f6 42. Qd2 Bd7 43. Qd5 Be6 44. Qc6 f5 45.
Qxa6 f4 46. Qb7 Qxb7 47. Nxb7 Rg3 48. Rf3 h4 49. a6 Ra8 50. Ra1 Bd7 51. a7
Kf6 52. c6 Bxc6 53. Ra6 Kg7 54. Rxc6 Rxa7 55. Na5 Rd7 56. Nb3 Rxf3 57. gxf3
Rd3 58. Nc5 Rxf3 59. Nd7 Re3 60. Nxe5 Rxe4 61. Rxg6+ Kh7 62. Rg5 Rxb4 63.
Kg2 Kh6 64. Rg4 Rb2+ 65. Kf3 Rb3+ 66. Kxf4 Rxh3 67. Nf7+ 1-0

[Event "Najdorf 2017"]
[Site "Warsaw POL"]
[Date "2017.07.15"]
[Round "7.5"]
[White "Aleksandrov, Aleksej"]
[Black "Dragun, Kamil"]
[Result "1/2-1/2"]
[WhiteElo "2581"]
[BlackElo "2621"]

1. d4 Nf6 2. c4 e6 3. Nc3 Bb4 4. e3 O-O 5. Bd3 d5 6. Nf3 b6 7. a3 Bd6 8. e4
dxe4 9. Nxe4 Nbd7 10. Nxd6 cxd6 11. O-O Re8 12. Bf4 Nf8 13. h3 Bb7 14. Re1
Ng6 15. Bh2 Nh5 16. Rc1 Rc8 17. Rc3 Nhf4 18. Bf1 Qf6 19. b4 b5 20. c5 dxc5
21. bxc5 Red8 22. Bxf4 Nxf4 23. Ne5 Ng6 24. c6 Ba8 25. c7 Rd6 26. Qb3 a6
27. a4 Rxd4 28. Nxg6 hxg6 29. axb5 axb5 30. Bxb5 Rd2 31. Re2 Bd5 32. Qb4
Rd4 33. Qb1 Rd1+ 34. Qxd1 Qxc3 35. Rc2 Qa5 36. Bc4 Rxc7 37. Ra2 Qc5 38.
Bxd5 Qxd5 39. Qxd5 exd5 40. Ra8+ Kh7 41. Rd8 Rc1+ 42. Kh2 Rd1 43. h4 Rd3
44. g3 f6 45. Kg2 g5 46. hxg5 fxg5 47. f3 Kg6 48. Kf2 g4 49. fxg4 Kg5 50.
Rd7 g6 51. Rd6 Rd4 52. Ke3 Re4+ 53. Kf3 Re5 54. Rd8 Kf6 55. Rd6+ Kg5
1/2-1/2

[Event "Najdorf 2017"]
[Site "Warsaw POL"]
[Date "2017.07.15"]
[Round "7.6"]
[White "Jumabayev, Rinat"]
[Black "Sadzikowski, Daniel"]
[Result "0-1"]
[WhiteElo "2620"]
[BlackElo "2563"]

1. e4 c5 2. Nf3 d6 3. Bb5+ Nd7 4. O-O a6 5. Bd3 Ngf6 6. Re1 e6 7. c3 b5 8.
Bc2 c4 9. d4 cxd3 10. Qxd3 Bb7 11. Nd4 g6 12. Qh3 Bg7 13. Bh6 O-O 14. Nd2
e5 15. N4b3 Nh5 16. Bxg7 Kxg7 17. a4 d5 18. Qe3 Qc7 19. axb5 axb5 20. Bd3
b4 21. cxb4 d4 22. Qf3 Qd6 23. Bb5 Nhf6 24. Bxd7 Nxd7 25. b5 Qb4 26. Qd3
Rxa1 27. Rxa1 Rc8 28. h4 Nc5 29. Qg3 Nxb3 30. Nxb3 Re8 31. h5 Bxe4 32. Qh4
Qxb3 33. h6+ Kf8 34. Qxe4 Qxb5 35. Ra7 Qxb2 36. Rc7 Qb6 37. Rc6 Qd8 38. Qc2
Qd5 39. Rc5 Qd6 40. Rc6 Qd5 41. Rc5 d3 42. Rxd5 dxc2 43. Rc5 Ke7 44. Rxc2
Kf6 45. Rc3 Re7 46. Rg3 g5 47. Ra3 Kg6 48. Ra6+ f6 49. g3 e4 50. Kf1 e3 51.
fxe3 Rxe3 52. Kf2 Rb3 53. Kg2 Rb2+ 54. Kf3 Rh2 55. Rb6 Rxh6 56. Kg2 g4 57.
Rb8 Rh3 58. Rg8+ Kf5 59. Ra8 h5 60. Ra5+ Kg6 61. Ra8 f5 62. Rg8+ Kf7 63.
Ra8 h4 64. gxh4 Rxh4 65. Ra6 Rh3 66. Kf2 Rf3+ 67. Ke2 Rf4 0-1

[Event "Najdorf 2017"]
[Site "Warsaw POL"]
[Date "2017.07.15"]
[Round "7.7"]
[White "Tomczak, Jacek"]
[Black "Czarnota, Pawel"]
[Result "0-1"]
[WhiteElo "2596"]
[BlackElo "2557"]

1. e4 c5 2. Nf3 d6 3. d4 cxd4 4. Nxd4 Nf6 5. Nc3 Nc6 6. f3 e5 7. Nb3 Be7 8.
Be3 O-O 9. Qd2 a5 10. Bb5 Na7 11. Bxa7 Rxa7 12. O-O-O Qb6 13. a4 Be6 14.
Kb1 Rd8 15. g4 Raa8 16. g5 Nh5 17. h4 Nf4 18. Nd5 Nxd5 19. exd5 Bd7 20.
Bxd7 Rxd7 21. Rhe1 Qa6 22. Re4 f5 23. gxf6 Bxf6 24. c4 b6 25. Qe3 Rf8 26.
Nd2 Rdf7 27. Rg4 Kh8 28. Rdg1 Bd8 29. Ne4 Be7 30. h5 Rxf3 31. Qe2 R3f7 32.
Rg6 Qc8 33. Rxd6 Qf5 34. Re6 Bc5 35. Rg5 Qh3 36. Nxc5 bxc5 37. h6 Rf1+ 38.
Ka2 Rb8 39. Re8+ Rxe8 40. Rxe5 Ref8 41. hxg7+ Kxg7 42. Re7+ Kg8 43. d6 Qf5
44. Qg2+ Qg6 45. Qd5+ Kh8 46. Qe5+ R8f6 47. Re8+ Kg7 48. Qe7+ Rf7 49. Qe5+
R1f6 50. Qxc5 Rxd6 51. Qxa5 Qf6 52. c5 Rb7 53. Rg8+ Kh6 54. b3 Rd1 0-1

[Event "Najdorf 2017"]
[Site "Warsaw POL"]
[Date "2017.07.15"]
[Round "7.8"]
[White "Cheparinov, Ivan"]
[Black "Kveinys, Aloyzas"]
[Result "1-0"]
[WhiteElo "2703"]
[BlackElo "2542"]

1. e4 c5 2. Nf3 Nc6 3. Bb5 g6 4. Bxc6 dxc6 5. d3 Bg7 6. h3 Nf6 7. Nc3 Nd7
8. Be3 e5 9. Qd2 Qe7 10. Bh6 f6 11. Bxg7 Qxg7 12. Nh2 g5 13. Ng4 Nf8 14.
Ne3 Ng6 15. a3 Be6 16. b4 Qe7 17. Na4 b6 18. g3 h5 19. Nf5 Qd7 20. bxc5
Bxf5 21. exf5 Qxf5 22. cxb6 axb6 23. Nxb6 Qf3 24. Rg1 Rb8 25. Nc4 h4 26.
Qe2 Qd5 27. Qg4 hxg3 28. fxg3 Kf7 29. Kd2 e4 30. Qxe4 Rxh3 31. Rh1 Rbh8 32.
Rxh3 Rxh3 33. Rb1 Ne7 34. Rb7 Qxe4 35. Nd6+ Ke6 36. Nxe4 Nd5 37. a4 g4 38.
a5 Rh2+ 39. Kc1 f5 40. Nc5+ Kd6 41. d4 Nc7 42. a6 f4 43. a7 Rh8 44. Rb8
Rh1+ 45. Kb2 Kd5 46. Rc8 fxg3 47. Rxc7 Rh8 48. Kc3 1-0

[Event "Najdorf 2017"]
[Site "Warsaw POL"]
[Date "2017.07.15"]
[Round "7.9"]
[White "Puranik, Abhimanyu"]
[Black "Kovalev, Vladislav"]
[Result "1/2-1/2"]
[WhiteElo "2479"]
[BlackElo "2639"]

1. e4 e5 2. Nf3 Nc6 3. Bb5 a6 4. Ba4 Nf6 5. O-O Be7 6. Re1 b5 7. Bb3 O-O 8.
d4 d6 9. c3 Bg4 10. d5 Na5 11. Bc2 Qc8 12. Nbd2 c6 13. h3 Bd7 14. dxc6 Qxc6
15. Nf1 h6 16. Ne3 Rfe8 17. Qd3 Be6 18. Nd5 Bxd5 19. exd5 Qc4 20. Nd2 Qxd3
21. Bxd3 Rac8 22. a4 Nc4 23. axb5 axb5 24. b3 Nxd2 25. Bxd2 Rc5 26. c4 bxc4
27. bxc4 Rc7 28. f4 e4 29. Bxe4 Rxc4 30. Bf3 Kf8 31. Be3 Ne4 32. Rac1 Rb4
33. Rb1 Rc4 34. Rbc1 Nc3 35. Bd2 Rec8 36. Bxc3 Rxc3 37. Rxc3 Rxc3 38. Kf2
Bh4+ 39. g3 Bf6 40. h4 g6 41. Re4 Rb3 42. Kg2 Rd3 43. Kf2 Kg7 44. Re2 Bd4+
45. Kg2 Be3 46. Be4 Ra3 47. Kf3 Bd4+ 48. Kg2 Kf6 49. Bc2 g5 50. hxg5+ hxg5
51. Re4 Be3 52. fxg5+ Kxg5 53. Ra4 Rc3 54. Bd1 f5 55. Ra8 Rd3 56. Bf3 Rd2+
57. Kh3 Bg1 58. Bg2 Rd3 59. Ra1 Bd4 60. Rf1 Be5 61. Rf3 Rd2 62. Ra3 Rb2 63.
Bf3 Rb8 64. Kg2 Rg8 65. Be2 Kf6 66. Kh3 Bd4 67. Rf3 Ke5 68. Bd3 Rf8 69. Kg2
Bb6 70. Rf1 Bd8 71. Bb1 Bg5 72. Bc2 f4 73. gxf4+ Bxf4 74. Rd1 Be3 75. Kg3
Bf2+ 76. Kg4 Rf4+ 77. Kg5 Rf3 78. Rd3 Be3+ 79. Kg6 Rf6+ 80. Kg7 Bh6+ 81.
Kh7 Bf4 82. Rd1 Be3 83. Bg6 Bd4 84. Kg7 Rf4 85. Bf7 1/2-1/2

[Event "Najdorf 2017"]
[Site "Warsaw POL"]
[Date "2017.07.15"]
[Round "7.10"]
[White "Nasuta, Grzegorz"]
[Black "Indjic, Aleksandar"]
[Result "0-1"]
[WhiteElo "2455"]
[BlackElo "2575"]

1. e4 c5 2. Nf3 Nc6 3. Bb5 e6 4. O-O Nge7 5. Re1 a6 6. Bf1 d5 7. d3 h6 8.
Nbd2 g5 9. Nb3 d4 10. Nxc5 g4 11. Nd2 Ng6 12. Ncb3 h5 13. c3 e5 14. cxd4
exd4 15. e5 Be6 16. Ne4 Ngxe5 17. Nbc5 Bc8 18. Bg5 Be7 19. Bxe7 Qxe7 20.
Rc1 h4 21. Qb3 Kf8 22. Qd5 Rh6 23. Nb3 f5 24. Ned2 Be6 25. Qc5 Bxb3 26.
Nxb3 Qxc5 27. Rxc5 Re8 28. Nxd4 Nxd4 29. Rexe5 Rxe5 30. Rxe5 Rd6 31. f4 g3
32. hxg3 hxg3 33. Re3 Rg6 34. Re5 Rg4 35. Re3 a5 36. a3 a4 37. Be2 Rxf4 38.
Bf3 b5 39. Bd1 Rf2 40. Rxg3 Rxb2 41. Kh2 Ra2 0-1

[Event "Najdorf 2017"]
[Site "Warsaw POL"]
[Date "2017.07.15"]
[Round "7.11"]
[White "Thybo, Jesper Sondergaard"]
[Black "Zhigalko, Andrey"]
[Result "1/2-1/2"]
[WhiteElo "2465"]
[BlackElo "2564"]

1. d4 Nf6 2. Nf3 e6 3. c4 b6 4. g3 Ba6 5. b3 Bb4+ 6. Bd2 Be7 7. Bg2 c6 8.
O-O d5 9. Qc2 Nbd7 10. Rd1 O-O 11. Bf4 h6 12. Ne5 Nxe5 13. Bxe5 Rc8 14. Nc3
dxc4 15. Bxf6 Bxf6 16. e3 Qe7 17. Ne4 cxb3 18. axb3 Bb5 19. Nxf6+ gxf6 20.
Qe4 Rc7 21. Rac1 Rd8 22. Qh4 Kg7 23. Be4 Rh8 24. Qg4+ Kf8 25. Qf3 Kg7 26.
Qg4+ Kf8 27. Qf3 c5 28. dxc5 f5 29. Bd3 Bxd3 30. Rxd3 Rxc5 31. Rxc5 Qxc5
32. Rd8+ Kg7 33. Rxh8 Kxh8 34. Qa8+ Kg7 35. Qxa7 Qc1+ 36. Kg2 Qc6+ 37. Kg1
Qc1+ 1/2-1/2

[Event "Najdorf 2017"]
[Site "Warsaw POL"]
[Date "2017.07.15"]
[Round "7.12"]
[White "Jakubowski, Krzysztof"]
[Black "Nihal, Sarin"]
[Result "1/2-1/2"]
[WhiteElo "2518"]
[BlackElo "2471"]

1. e4 c6 2. d4 d5 3. Nc3 dxe4 4. Nxe4 Bf5 5. Ng3 Bg6 6. h4 h6 7. Nf3 e6 8.
h5 Bh7 9. Bd3 Bxd3 10. Qxd3 Nf6 11. Ne5 Nbd7 12. f4 c5 13. Bd2 cxd4 14. Ng6
Rg8 15. Nxf8 Nxf8 16. O-O-O Qd5 17. Qa3 Qb5 18. Rhe1 N8d7 19. Bb4 Nb8 20.
Re5 Nd5 21. Rxd4 Nc6 22. Rdxd5 Qxb4 23. Qxb4 Nxb4 24. Rd2 Nc6 25. Rb5 b6
26. c4 Ke7 27. c5 Rgc8 28. Kb1 Rab8 29. Ne4 bxc5 30. Rxc5 Nb4 31. Ra5 Rc7
32. a3 Nd5 33. g3 Rb3 34. Re2 Kf8 35. Ka2 Rd3 36. f5 exf5 37. Nc5 Rxg3 38.
Re5 Nb6 39. Rxf5 Kg8 40. Na6 Rb7 41. Rab5 Re7 42. Nb4 Nc4 43. Rbc5 Ne3 44.
Rf2 Rg5 45. Rc8+ Kh7 46. Nc6 Rd7 47. Re2 Ng4 48. Ra8 Rxh5 49. Rxa7 Rxa7 50.
Nxa7 f5 51. Nc6 f4 52. Re4 Rf5 53. Nd4 Rf6 54. b4 Nh2 55. b5 g5 56. a4 g4
57. Re7+ Kg6 58. Re6 Rxe6 59. Nxe6 f3 60. b6 f2 61. b7 f1=Q 62. b8=Q Qe2+
63. Ka3 Qxe6 64. Qxh2 Qe3+ 65. Kb4 g3 66. Qg2 Qf2 67. Qc6+ Kg5 68. Qd5+ Kg4
69. Qg8+ Kh4 70. Qc4+ Kg5 71. Qg8+ Kh4 72. Qc4+ Kh5 73. Qd5+ Kg4 74. Qg8+
Kf3 75. Qd5+ Ke2 76. Qc4+ Kd2 77. Qc3+ Kd1 78. Qb3+ Ke1 79. Qb1+ Ke2 80.
Qc2+ Kf1 81. Qd3+ Kg1 82. a5 Qe1+ 83. Ka4 g2 84. a6 Kf2 85. Qf5+ Kg1 86.
Qc5+ Kf1 87. Qf5+ Qf2 88. Qb1+ Ke2 89. Qc2+ Kf3 90. Qf5+ Ke3 91. Qc5+ Ke2
92. Qc2+ Kf1 93. Qc1+ Ke2 1/2-1/2

[Event "Najdorf 2017"]
[Site "Warsaw POL"]
[Date "2017.07.15"]
[Round "7.14"]
[White "Golubov, Saveliy"]
[Black "Drozdowski, Kacper"]
[Result "1/2-1/2"]
[WhiteElo "2516"]
[BlackElo "2461"]

1. e4 d6 2. c4 g6 3. Nc3 Bg7 4. d4 e5 5. d5 a5 6. Be3 Bh6 7. Bxh6 Nxh6 8.
h4 O-O 9. Qd2 Kg7 10. h5 g5 11. Bd3 Na6 12. Nge2 Nc5 13. Bc2 f5 14. exf5
Bxf5 15. Ng3 Bxc2 16. Qxc2 Qf6 17. Nce4 Nxe4 18. Nxe4 Qf4 19. Qe2 Ng8 20.
g3 Qf5 21. h6+ Kh8 22. Kf1 Nf6 23. Nc3 Ng4 24. Ne4 Nf6 25. Nc3 e4 26. Kg2
Rae8 27. Rae1 Re5 28. Rhf1 g4 29. Nb5 Qf3+ 30. Kg1 Rf7 31. Nd4 Qxe2 32.
Rxe2 Rh5 33. b4 axb4 34. Rb1 Rxh6 35. Rxb4 b6 36. Ra4 Rg6 37. Ne6 Rg8 38.
Ra7 Rc8 39. a4 Kg8 40. a5 bxa5 41. Rxa5 Re7 42. Ra7 Kf7 43. Rb2 Nd7 44. Re2
Nf6 45. Rb2 Nd7 46. Re2 1/2-1/2

[Event "Najdorf 2017"]
[Site "Warsaw POL"]
[Date "2017.07.15"]
[Round "7.16"]
[White "Kanarek, Marcel"]
[Black "Shvayger, Yuliya"]
[Result "1/2-1/2"]
[WhiteElo "2509"]
[BlackElo "2434"]

1. e4 e6 2. d4 d5 3. Nd2 c5 4. exd5 Qxd5 5. Ngf3 cxd4 6. Bc4 Qd6 7. O-O Nf6
8. Nb3 Nc6 9. Nbxd4 Nxd4 10. Nxd4 Be7 11. b3 O-O 12. Bb2 Qc7 13. Qf3 Bd7
14. Rfe1 Bb4 15. Re2 a6 16. Bd3 Rac8 17. c4 Rfe8 18. Nc2 Be7 19. Be5 Qc6
20. Qh3 h6 21. Re3 Kf8 22. Rae1 Red8 23. g4 Ne8 24. Rf3 Qb6 25. Nd4 Rc5 26.
Nc2 Rcc8 27. Nd4 Rc5 28. Nc2 Rcc8 29. Bd4 Bc5 30. Qh5 f6 31. Bxc5+ Rxc5 32.
Qh3 Rg5 33. Rg3 Qd6 34. Qf1 Bc6 35. Be4 Re5 36. Bxc6 Rxe1 37. Nxe1 Qxc6 38.
Rd3 Rxd3 39. Qxd3 1/2-1/2

[Event "Najdorf 2017"]
[Site "Warsaw POL"]
[Date "2017.07.15"]
[Round "7.17"]
[White "Debashis, Das"]
[Black "Rakesh, Kumar Jena"]
[Result "1/2-1/2"]
[WhiteElo "2505"]
[BlackElo "2283"]

1. d4 d5 2. c4 c6 3. Nf3 Nf6 4. e3 a6 5. Nbd2 b5 6. b3 g6 7. Be2 Bg7 8. O-O
O-O 9. a4 dxc4 10. bxc4 b4 11. a5 c5 12. Bb2 Nfd7 13. Nb3 Bb7 14. Qd2 Qc7
15. dxc5 Bxb2 16. Qxb2 Nxc5 17. Nxc5 Qxc5 18. Qd4 Qxd4 19. Nxd4 Nc6 20.
Rfb1 Rab8 21. Ra4 Rfd8 22. Nxc6 Bxc6 23. Raxb4 Rxb4 24. Rxb4 Rd2 25. Bf1
Rd1 26. f3 Ra1 27. Rb6 Bd7 28. Rxa6 Be6 29. Ra8+ Kg7 30. Kf2 Ra2+ 31. Ke1
Ra1+ 32. Kf2 Ra2+ 33. Kg3 Ra1 34. Be2 Ra2 35. Bd3 Ra3 36. Be4 Bxc4 37. Bb7
Ra2 38. a6 e5 39. f4 e4 40. Bxe4 Rxa6 41. Rc8 Be6 42. Rc3 h5 43. Bf3 Rb6
44. e4 Rb3 45. Rc7 Bg4 46. e5 Kg8 47. h3 Bxf3 48. gxf3 Rb4 49. Rc6 Kg7 50.
Rf6 Rb5 51. Rd6 Rb4 52. Rd1 Ra4 53. Re1 Rb4 54. Re4 Rb5 55. Rc4 Ra5 56. h4
Rb5 57. Kf2 Rb2+ 58. Ke3 Rh2 59. Rc7 Kf8 60. f5 gxf5 61. Kf4 Rxh4+ 62. Kxf5
Ra4 63. f4 h4 64. Rc3 Rb4 65. Rh3 f6 66. e6 Ke7 67. Rxh4 Rb5+ 68. Kg6 f5
69. Rh1 Kxe6 70. Re1+ Kd7 71. Kf6 Kd8 72. Kf7 Rb4 73. Rd1+ Kc7 74. Rf1 Kd7
75. Kf6 Ke8 76. Kxf5 Kf7 77. Rc1 Rb5+ 78. Kg4 Ra5 79. Rc7+ Kf6 80. Rc6+ Kf7
1/2-1/2

[Event "Najdorf 2017"]
[Site "Warsaw POL"]
[Date "2017.07.15"]
[Round "7.18"]
[White "Molenda, Marcin"]
[Black "Riff, Jean-noel"]
[Result "1/2-1/2"]
[WhiteElo "2419"]
[BlackElo "2493"]

1. d4 Nf6 2. Nf3 e6 3. c4 Bb4+ 4. Bd2 Qe7 5. Nc3 O-O 6. g3 Bxc3 7. Bxc3 Ne4
8. Qc2 Nxc3 9. Qxc3 d6 10. Bg2 Re8 11. O-O e5 12. e4 Bg4 13. d5 a5 14. b3
Nd7 15. a3 Nc5 16. Nd2 c6 1/2-1/2

[Event "Najdorf 2017"]
[Site "Warsaw POL"]
[Date "2017.07.15"]
[Round "7.19"]
[White "Raja, Harshit"]
[Black "Annaberdiev, Meilis"]
[Result "0-1"]
[WhiteElo "2377"]
[BlackElo "2485"]

1. e4 c5 2. Nf3 Nc6 3. d4 cxd4 4. Nxd4 g6 5. c4 Bg7 6. Be3 Nf6 7. Nc3 O-O
8. Be2 d6 9. O-O Bd7 10. f3 Nxd4 11. Bxd4 a5 12. Nd5 Nxd5 13. cxd5 a4 14.
Bxg7 Kxg7 15. Qd4+ Kg8 16. Rac1 Qa5 17. Rc3 Rac8 18. Rfc1 Rxc3 19. Rxc3 Rc8
20. a3 Rxc3 21. Qxc3 Qb6+ 22. Kf1 Bb5 23. Qc8+ Kg7 24. Qc3+ Kg8 25. Qc8+
Kg7 26. Qc3+ f6 27. Bxb5 Qxb5+ 28. Kf2 Qb6+ 29. Kf1 Kf7 30. Qc4 Qxb2 31.
Qxa4 b5 32. Qb4 Qc1+ 33. Kf2 Qc5+ 34. Kg3 g5 35. h4 h5 36. hxg5 fxg5 37.
Qd2 Kg6 38. Qd3 Qg1 39. e5+ Kh6 40. exd6 h4+ 41. Kg4 Qxg2+ 42. Kf5 Qh3+ 43.
Ke5 Qg3+ 44. Ke6 Qxd6+ 45. Kf7 h3 46. Qf5 Qf4 0-1

[Event "Najdorf 2017"]
[Site "Warsaw POL"]
[Date "2017.07.15"]
[Round "7.20"]
[White "Jeet, Jain"]
[Black "Socko, Monika"]
[Result "1/2-1/2"]
[WhiteElo "2191"]
[BlackElo "2480"]

1. e4 c5 2. Nf3 Nc6 3. d4 cxd4 4. Nxd4 g6 5. c4 Bg7 6. Be3 Nf6 7. Nc3 O-O
8. Be2 d6 9. O-O Bd7 10. Nc2 a6 11. f3 Be6 12. Rb1 Ne5 13. Nd5 Bxd5 14.
cxd5 Rc8 15. Bd4 Qa5 16. Ne3 b5 17. b4 Qc7 18. a4 Qb7 19. Qb3 Nh5 20. Kh1
Nf4 21. Bd1 bxa4 22. Qxa4 Ned3 23. Bxg7 Kxg7 24. Qa1+ f6 25. Qd4 Qb5 26. g3
e5 27. dxe6 Nxe6 28. Qxd6 Rc6 29. Qd7+ Rf7 30. Qd5 Nc7 31. Qb3 Ne5 32. f4
Nd7 33. Bf3 Rd6 34. Rfd1 Rxd1+ 35. Qxd1 Nb6 36. Qe2 Qa4 37. Nd5 Nbxd5 38.
exd5 Nb5 39. Qb2 Nd6 40. Re1 Qb5 41. Kg2 a5 42. Re6 Nf5 43. Re4 axb4 44.
Qxb4 Qxd5 45. Re2 Qd3 46. Qd2 Qa3 47. Be4 Nd6 48. Bd5 Rc7 49. Qe3 1/2-1/2

[Event "Najdorf 2017"]
[Site "Warsaw POL"]
[Date "2017.07.15"]
[Round "7.21"]
[White "Tomczak, Mikolaj"]
[Black "Lalith, Babu M R"]
[Result "0-1"]
[WhiteElo "2395"]
[BlackElo "2530"]

1. d4 d5 2. c4 Nc6 3. Nf3 Bg4 4. cxd5 Bxf3 5. gxf3 Qxd5 6. e3 e5 7. Nc3 Bb4
8. Bd2 Bxc3 9. bxc3 Qd6 10. Rb1 b6 11. f4 exf4 12. e4 Nge7 13. Qf3 O-O 14.
Bxf4 Qa3 15. Bg2 Ng6 16. Bg3 f5 17. exf5 Rae8+ 18. Kf1 Nce7 19. Bh3 Qxa2
20. Kg2 Nd5 21. Ra1 Qc4 22. Qg4 Qc6 23. Kg1 Qxc3 24. Rf1 Ngf4 0-1

[Event "Najdorf 2017"]
[Site "Warsaw POL"]
[Date "2017.07.15"]
[Round "7.22"]
[White "Prasanna, Raghuram Rao"]
[Black "Miroshnichenko, Pavel"]
[Result "1-0"]
[WhiteElo "2466"]
[BlackElo "2294"]

1. e4 e5 2. Nf3 Nc6 3. Bb5 a6 4. Ba4 Nf6 5. O-O Be7 6. d3 d6 7. c3 O-O 8.
Re1 b5 9. Bb3 Na5 10. Bc2 c5 11. Nbd2 Nc6 12. Nf1 Re8 13. h3 Bf8 14. Ng3 h6
15. d4 exd4 16. cxd4 cxd4 17. Nxd4 Bb7 18. Bf4 Nxd4 19. Qxd4 d5 20. e5 Ne4
21. Nxe4 dxe4 22. Qe3 f5 23. Bb3+ Kh7 24. Rad1 Qe7 25. Qb6 Rac8 26. Rc1
Rxc1 27. Rxc1 Rc8 28. Be6 Rxc1+ 29. Bxc1 g6 30. h4 Ba8 31. h5 Qe8 32. Qa7+
Be7 33. Be3 Qd8 34. Kh2 Kh8 35. hxg6 Qf8 36. Bc5 1-0